000 00436nam a2200169Ia 4500
001 24555
005 20260414151051.0
008 260414t2007||||xx |||||||||||||| ||spa||
041 _aESP
082 _a345.721
_bB141 V. 1
100 _aCastillo Freyre, Mario
_eAUT
245 0 _aArbitraje :
_bel juicio privado: la verdadera reforma de la justicia
260 _c2007
650 _aDER
654 _aCDE
942 _cLIB
_dJUS
_fJUS
_2ddc
_n
999 _c24555
_d24555